Textbook on EC law
Gespeichert in:
| 1. Verfasser: | |
|---|---|
| Weitere Verfasser: | |
| Format: | Buch |
| Sprache: | Englisch |
| Veröffentlicht: |
London
Blackstone Press Limited
1999
|
| Ausgabe: | 6. ed. |
| Schlagworte: | |
| Tags: |
Keine Tags, Fügen Sie das erste Tag hinzu!
|
MARC
| LEADER | 00000nam a2200000 4500 | ||
|---|---|---|---|
| 001 | c117277 | ||
| 005 | 20231215115024.4 | ||
| 020 | |a 1-85431-751-2 | ||
| 041 | 0 | |a eng | |
| 044 | |a GB | ||
| 245 | 1 | 0 | |a Textbook on EC law |c Josephine Steiner and Lorna Woods |
| 250 | |a 6. ed. | ||
| 264 | 1 | |a London |b Blackstone Press Limited |c 1999 | |
| 300 | |a [521] s. | ||
| 610 | 2 | 0 | |a zákony |
| 610 | 2 | 0 | |a právo |
| 610 | 2 | 0 | |a legislatíva |
| 610 | 2 | 0 | |a integrácia ekonomická medzinárodná |
| 610 | 2 | 0 | |a spolupráca hospodárska medzinárodná |
| 610 | 2 | 0 | |a inštitúcia |
| 610 | 2 | 0 | |a Európske spoločenstvá |
| 100 | 1 | |a Steiner, Josephine | |
| 700 | 1 | |a Woods, Lorna | |